| 000 | 00637nam a2200205 4500 | ||
|---|---|---|---|
| 001 | 111733 | ||
| 003 | ES-MaACL | ||
| 005 | 20250901040454.0 | ||
| 007 | t| | ||
| 008 | 061121s1964 sp r ||||1| spa d | ||
| 100 | 1 |
_aNeubert, E. _985430 |
|
| 245 | 1 | 0 |
_aMaría y la vida religiosa / _cE. Neubert; prólogo de Mons. Dubois, Arzobispo de Besanzón. |
| 260 |
_aBarcelona : _bEler, _c1964. |
||
| 300 |
_a167 p. ; _c19 cm. |
||
| 490 | 1 |
_aEler ; _v21 |
|
| 700 | 1 |
_aDubois, Marcel-Marie, _cArchevêque de Besanzon, _d1896-1967 _945773 |
|
| 830 | 0 |
_aEler ; _v21 _9181476 |
|
| 852 |
_aES-MaACL _jC-26914 _bR.55424 |
||
| 999 |
_c111733 _d111733 |
||